Pays, états US, territoires du mondes, états non-reconnus - Statistiques

Statistiques générales
  • Ce quiz a été pris 18 fois
    7 depuis la dernière actualisation
  • Le résultat moyen est 227 sur 350
Réponses sur la Carte
Les réponses sont colorées sur une échelle allant du rouge au vert en fonction du pourcentage des utilisateurs qui les ont devinées à leur premier essai. Vous pouvez retrouver ces pourcentages ci-dessous.
 
Statistiques - réponses
Réponse % Correct
Chypre
100%
Groenland
100%
Guyana
100%
Sardaigne
100%
Sicile
100%
Afghanistan
80%
Alabama
80%
Alaska
80%
Albanie
80%
Allemagne
80%
Andorre
80%
Angleterre
80%
Antigua
80%
Arabie saoudite
80%
Argentine
80%
Arizona
80%
Arkansas
80%
Armenie
80%
Australie
80%
Autriche
80%
Azerbaidjan
80%
Bahamas
80%
Bahrein
80%
Bangladesh
80%
Barbade
80%
Belgique
80%
Belize
80%
Bhoutan
80%
Bielorussie
80%
Bolivie
80%
Bosnie
80%
Bresil
80%
Brunei
80%
Bulgarie
80%
Californie
80%
Cambodge
80%
Canada
80%
Cap-Vert
80%
Caroline du Nord
80%
Caroline du Sud
80%
Chili
80%
Chine
80%
Chypre du Nord
80%
Colombie
80%
Colorado
80%
Comores
80%
Connecticut
80%
Coree du Nord
80%
Coree du Sud
80%
Costa Rica
80%
Croatie
80%
Cuba
80%
Dakota du Nord
80%
Dakota du Sud
80%
Danemark
80%
Ecosse
80%
Emirats arabes unis
80%
Equateur
80%
Espagne
80%
Estonie
80%
Feroe
80%
Finlande
80%
Floride
80%
France
80%
Georgie
80%
Grece
80%
Grenade
80%
Guadeloupe
80%
Guatemala
80%
Haiti
80%
Hawaii
80%
Honduras
80%
Hong Kong
80%
Hongrie
80%
Idaho
80%
Illinois
80%
Inde
80%
Indonesie
80%
Iowa
80%
Irak
80%
Iran
80%
Irlande
80%
Irlande du Nord
80%
Islande
80%
Israel
80%
Italie
80%
Jamaique
80%
Japon
80%
Jordanie
80%
Kansas
80%
Kazakhstan
80%
Kentucky
80%
Kirghizistan
80%
Kiribati
80%
Kosovo
80%
Koweit
80%
Laos
80%
Lettonie
80%
Liban
80%
Liechtenstein
80%
Lituanie
80%
Louisiane
80%
Luxembourg
80%
Macedoine du Nord
80%
Madagascar
80%
Maine
80%
Malaisie
80%
Maldives
80%
Malouines
80%
Malte
80%
Marshall
80%
Martinique
80%
Massachusetts
80%
Maurice
80%
Mayotte
80%
Mexique
80%
Michigan
80%
Micronesie
80%
Mississippi
80%
Missouri
80%
Moldavie
80%
Monaco
80%
Mongolie
80%
Montana
80%
Montenegro
80%
Myanmar
80%
Nauru
80%
Nebraska
80%
Nepal
80%
Nevada
80%
New Hampshire
80%
New Jersey
80%
New York
80%
Nicaragua
80%
Norvege
80%
Nouveau-Mexique
80%
Ohio
80%
Oklahoma
80%
Oman
80%
Oregon
80%
Ouzbekistan
80%
Pakistan
80%
Palaos
80%
Palestine
80%
Panama
80%
Papouasie
80%
Paraguay
80%
Pays-Bas
80%
Pennsylvanie
80%
Perou
80%
Philippines
80%
Pologne
80%
Portugal
80%
Qatar
80%
Quebec
80%
Rep. dominicaine
80%
Rhode Island
80%
Roumanie
80%
Royaume-Uni
80%
Russie
80%
Saint-Kitts
80%
Saint-Marin
80%
Salomon
80%
Salvador
80%
Serbie
80%
Seychelles
80%
Singapour
80%
Slovaquie
80%
Slovenie
80%
Sri Lanka
80%
Suede
80%
Suisse
80%
Suriname
80%
Svalbard
80%
Syrie
80%
Tadjikistan
80%
Taiwan
80%
Tennessee
80%
Texas
80%
Thailande
80%
Timor oriental
80%
Trinite-et-Tobago
80%
Turkménistan
80%
Turquie
80%
Ukraine
80%
Uruguay
80%
Utah
80%
Vatican
80%
Venezuela
80%
Vermont
80%
Vietnam
80%
Virginie
80%
Virginie-Occidentale
80%
Washington
80%
Wisconsin
80%
Wyoming
80%
Yemen
80%
Abkhazie
60%
Afrique du Sud
60%
Algerie
60%
Angola
60%
Anguilla
60%
Antarctique
60%
Aruba
60%
Baleares
60%
Benin
60%
Bermudes
60%
Botswana
60%
Burkina Faso
60%
Cameroun
60%
Canaries
60%
Centrafrique
60%
Cocos
60%
Congo
60%
Cook
60%
Cote d Ivoire
60%
Crete
60%
Curacao
60%
Delaware
60%
Djibouti
60%
Dominique
60%
Egypte
60%
Erythree
60%
Ethiopie
60%
Gabon
60%
Galapagos
60%
Gambie
60%
Ghana
60%
Guam
60%
Guernesey
60%
Guinee
60%
Guinee-Bissau
60%
Guinee equatoriale
60%
Guyane francaise
60%
Indiana
60%
Java
60%
Jersey
60%
Kenya
60%
La Reunion
60%
Lesotho
60%
Liberia
60%
Libye
60%
Macao
60%
Mali
60%
Mariannes du Nord
60%
Maroc
60%
Maryland
60%
Mauritanie
60%
Minnesota
60%
Montserrat
60%
Mozambique
60%
Niger
60%
Nigeria
60%
Nouvelle-Zelande
60%
Ouganda
60%
Pitcairn
60%
Rwanda
60%
Saint-Barthelemy
60%
Sainte-Helene
60%
Sainte-Lucie
60%
Saint-Martin
60%
Senegal
60%
Sierra Leone
60%
Somalie
60%
Somaliland
60%
Soudan
60%
Soudan du Sud
60%
Tanzanie
60%
Tasmanie
60%
Tchad
60%
Togo
60%
Tonga
60%
Transnistrie
60%
Tunisie
60%
Tuvalu
60%
Vanuatu
60%
Zambie
60%
Zimbabwe
60%
Açores
40%
Aland
40%
Bali
40%
Bonaire
40%
Burundi
40%
Caimans
40%
Christmas
40%
Eswatini
40%
Etats-Unis
40%
Fidji
40%
Gibraltar
40%
Gotland
40%
Hainan
40%
Ile de Man
40%
Kalimantan
40%
Madere
40%
Malawi
40%
Namibie
40%
Norfolk
40%
Nouvelle-Caledonie
40%
Ossetie du Sud
40%
Polynesie francaise
40%
Porto Rico
40%
RDC
40%
Sahara occidental
40%
Saint-Pierre-et-Miquelon
40%
Saint-Vincent
40%
Sao Tome
40%
Socotra
40%
Tristan da Cunha
40%
Turques-et-Caiques
40%
Vierges americaines
40%
Vierges britanniques
40%
Wallis-et-Futuna
40%
Washington DC
40%
Ascension
20%
Baffin
20%
Bouvet
20%
Celebes
20%
Clipperton
20%
Flores
20%
Hiiuma
20%
Jan Mayen
20%
Margarita
20%
Midway
20%
Niue
20%
Nouvelle-Zemble
20%
Orcades
20%
Saaremaa
20%
Saba
20%
Saint-Eustache
20%
Samoa
20%
Samoa americaines
20%
Shetland
20%
Tcheque
20%
Tobago
20%
Tokelau
20%
Tortuga
20%
Victoria
20%
Wake
20%
Cachemire
0%
Fernado de Noronha
0%
Heard et McDonald
0%
Lofoten
0%
Lombok
0%
Nusa
0%
Palawan
0%
Sint-Marteen
0%
Sumba
0%
Sumbawa
0%
Terres australes francaises
0%
Aucun quiz correspondant
Distribution des résultats
% des personnes avec chaque résultat
Percentile par nombre de réponses
Votre historique - résultats
Vous n’avez pas pris ce quiz depuis la dernière actualisation